书目信息 |
| 题名: |
政府激励与规制波动
|
|
| 作者: | 陈长石 著 | |
| 分册: | ||
| 出版信息: | 北京 中国社会科学出版社 2016 |
|
| 页数: | 230页 | |
| 开本: | 24cm | |
| 丛书名: | 产业组织与竞争政策前沿研究丛书 | |
| 单 册: | ||
| 中图分类: | F423.3 | |
| 科图分类: | ||
| 主题词: | 工业管理--gong ye guan li--行业管理--研究--中国 | |
| 电子资源: | ||
| ISBN: | 978-7-5161-8557-5 | |
| 000 | 01410nam0 22002651 450 | |
| 001 | 1738597307 | |
| 005 | 20170627164615.0 | |
| 010 | @a978-7-5161-8557-5@dCNY55.00 | |
| 100 | @a20170508d2016 em y0chiy50 ea | |
| 101 | 0 | @achi |
| 102 | @aCN@b110000 | |
| 105 | @ay z 000yy | |
| 106 | @ar | |
| 200 | 1 | @a政府激励与规制波动@9zheng fu ji li yu gui zhi bo dong@e机理、影响与治理@f陈长石著 |
| 210 | @a北京@c中国社会科学出版社@d2016 | |
| 215 | @a230页@d24cm | |
| 225 | 2 | @a产业组织与竞争政策前沿研究丛书@9chan ye zu zhi yu jing zheng zheng ce qian yan yan jiu cong shu |
| 330 | @a该书立足于中国社会性规制实践,汲取新规制经济学、新政治经济学等前沿成果,主要以煤矿安全规制波动为例,探究规制波动的形成机理、实证影响和治理方式,以社会性规制过程中广泛出现的“一刀切式治理”、“走过场式治理”等带有鲜明中国转型期特征的现象作为研究起点,并将地方政府激励模式引入到社会性规制的分析框架中,提出规制波动这一新的研究视角,并在此基础上进一步研究规制波动形成机理的分析、规制波动对企业生产的影响、规制波动对规制本身所造成的影响、地方政府对社会性规制制定所产生的影响等问题,该书的研究成果为社会性规制制度设 | |
| 461 | 0 | @12001 @a产业组织与竞争政策前沿研究丛书 |
| 517 | 1 | @a机理、影响与治理@9ji li ying xiang yu zhi li |
| 606 | 0 | @a工业管理@9gong ye guan li@x行业管理@x研究@y中国 |
| 690 | @aF423.3@v5 | |
| 701 | 0 | @a陈长石@9chen chang shi@4著 |
| 801 | 0 | @aCN@bTANGWEI@c20170621 |
| 905 | @b1015633-8@dF423.3@e164@f6 | |
| 政府激励与规制波动:机理、影响与治理/陈长石著.-北京:中国社会科学出版社,2016 |
| 230页;24cm.-(产业组织与竞争政策前沿研究丛书) |
| ISBN 978-7-5161-8557-5:CNY55.00 |
| 该书立足于中国社会性规制实践,汲取新规制经济学、新政治经济学等前沿成果,主要以煤矿安全规制波动为例,探究规制波动的形成机理、实证影响和治理方式,以社会性规制过程中广泛出现的“一刀切式治理”、“走过场式治理”等带有鲜明中国转型期特征的现象作为研究起点,并将地方政府激励模式引入到社会性规制的分析框架中,提出规制波动这一新的研究视角,并在此基础上进一步研究规制波动形成机理的分析、规制波动对企业生产的影响、规制波动对规制本身所造成的影响、地方政府对社会性规制制定所产生的影响等问题,该书的研究成果为社会性规制制度设 |
| ● |
| 相关链接 |
|
|
|
|
正题名:政府激励与规制波动
索取号:F423.3/164
 
预约/预借
| 序号 | 登录号 | 条形码 | 馆藏地/架位号 | 状态 | 备注 |
| 1 | 1015633 | 210156338 | 第一样本阅览室/ [索取号:F423.3/164] | 在馆 | |
| 2 | 1015634 | 210156347 | 教育系资料室/ [索取号:F423.3/164] | 在馆 | |
| 3 | 1015635 | 210156356 | 教育系资料室/ [索取号:F423.3/164] | 在馆 | |
| 4 | 1015636 | 210156365 | 教育系资料室/ [索取号:F423.3/164] | 在馆 | |
| 5 | 1015637 | 210156374 | 第一借阅区/ [索取号:F423.3/164] | 在馆 | |
| 6 | 1015638 | 210156383 | 第一借阅区/ [索取号:F423.3/164] | 在馆 |